Los servicios públicos de salud y seguridad en manos del régimen municipal /

Сохранить в:
Библиографические подробности
Главный автор: Quirós, Billy
Другие авторы: Acuña, Alexander Alvarez, Carlos
Формат: Текст
Метки: Добавить метку
Нет меток, Требуется 1-ая метка записи!

MARC

LEADER 00000 a a2200000 04500
001 3033
003
040
100 |a Quirós, Billy  
245 |a Los servicios públicos de salud y seguridad en manos del régimen municipal /  |c Billy Quirós 
700 |a Acuña, Alexander   |a Alvarez, Carlos  
773 |g volumen 25, número 1; páginas 199-217  
999 |c 36132  |d 36132